Anterrastriya Sambandh: sidhnath our vyayhar (Record no. 54393)

MARC details
000 -LEADER
fixed length control field 00361nam a2200145Ia 4500
008 - FIXED-LENGTH DATA ELEMENTS--GENERAL INFORMATION
fixed length control field 230917s9999||||xx |||||||||||||| ||und||
040 ## - CATALOGING SOURCE
-- 79196
Original cataloging agency VIVEKANANDA LIBRARY
041 ## - Language
-- English
082 ## - DDC NUMBER
Classification number 327 G346A
100 ## - MAIN ENTRY--PERSONAL NAME
Personal name Ghai, U R
245 #0 - TITLE STATEMENT
Title Anterrastriya Sambandh: sidhnath our vyayhar
260 ## - PUBLICATION, DISTRIBUTION, ETC. (IMPRINT)
Place of publication, distribution, etc Jalandher
Name of publisher, distributor, etc New Academic
Date of publication, distribution, etc 1987
300 ## - PHYSICAL DESCRIPTION
Pages 367 p.
942 ## - ADDED ENTRY ELEMENTS (KOHA)
Koha item type Books
Holdings
Withdrawn status Lost status Source of classification or shelving scheme Damaged status Not for loan Location (home branch) Sublocation or collection (holding branch) Date acquired Koha issues (times borrowed) Koha full call number Accession No. Koha date last seen Koha item type
Withdrawn   Dewey Decimal Classification Damaged   VIVEKANANDA LIBRARY VIVEKANANDA LIBRARY 06/08/2010   327 G346A 123964 17/09/2023 Books
          VIVEKANANDA LIBRARY VIVEKANANDA LIBRARY 06/08/2010 2 327 G346A 123966 15/01/2025 Books
          VIVEKANANDA LIBRARY VIVEKANANDA LIBRARY 06/08/2010   327 G346A 123967 17/09/2023 Books
          VIVEKANANDA LIBRARY VIVEKANANDA LIBRARY 06/08/2010 1 327 G346A 123968 11/12/2024 Books
          VIVEKANANDA LIBRARY VIVEKANANDA LIBRARY 06/08/2010 6 327 G346A 130874 23/05/2025 Books
© Designed and Maintained by Vivekananda Library, MDU Rohtak